Najwięcej punktów w historii NBA - Statystyki

Ogólne statystyki
  • Ten quiz został rozwiązany 316 razy
  • Średni wynik to 6 z 10
Statystyki odpowiedzi
Zawodnik Liczba punktów % Poprawnych
Lebron James 38,652
98%
Michael Jordan 32,292
90%
Kobe Bryant 33,643
81%
Kareem Abdul-Jabbar 38,387
65%
Karl Malone 36,928
51%
Shaquille O'Neal 28,596
46%
Moses Malone 27,409
45%
Wilt Chamberlain 31,419
43%
Dirk Nowitzki 31,560
37%
Carmelo Anthony 28,289
25%
Nie znaleziono quizów pasujących do podanych kryteriów
Rozkład punktacji
Procent ludzi z każdym wynikiem
Percentyl według liczby udzielonych odpowiedzi
Twoja historia wyników
Nie rozwiązałeś tego quizu